বাঙালি ও বাংলাদেশ / (Record no. 27264)

MARC details
000 -LEADER
fixed length control field 00806nam a22002057a 4500
003 - CONTROL NUMBER IDENTIFIER
control field BDDh-ASL
005 - DATE AND TIME OF LATEST TRANSACTION
control field 20231015030738.0
008 - FIXED-LENGTH DATA ELEMENTS--GENERAL INFORMATION
fixed length control field 201022s2009 b ||||| |||| 00| 0 b d
040 ## - CATALOGING SOURCE
Original cataloging agency BDDh-ASL
Transcribing agency BDDh-ASL
Modifying agency BDDh-ASL
041 ## - LANGUAGE CODE
Language code of text/sound track or separate title ben
082 ## - DEWEY DECIMAL CLASSIFICATION NUMBER
Classification number 954.92
Item number KAB
100 1# - MAIN ENTRY--PERSONAL NAME
9 (RLIN) 5499
Personal name কাজল, ইসহাক
245 10 - TITLE STATEMENT
Title বাঙালি ও বাংলাদেশ /
Statement of responsibility, etc. ইসহাক কাজল।
246 ## - VARYING FORM OF TITLE
Title proper/short title Bangali O Bangladesh
260 ## - PUBLICATION, DISTRIBUTION, ETC.
Place of publication, distribution, etc. ঢাকা:
Name of publisher, distributor, etc. ইত্যাদি গ্রন্থ প্রকাশ,
Date of publication, distribution, etc. ২০০৯।
300 ## - PHYSICAL DESCRIPTION
Extent ২০৫ পৃষ্ঠা, :
Dimensions ২২ সে.মি.।
504 ## - BIBLIOGRAPHY, ETC. NOTE
Bibliography, etc. note গ্রন্থপঞ্জি সংযুক্ত ।
650 #0 - SUBJECT ADDED ENTRY--TOPICAL TERM
9 (RLIN) 4586
Topical term or geographic name entry element History (ইতিহাস)
Geographic subdivision বাংলাদেশ
942 ## - ADDED ENTRY ELEMENTS (KOHA)
Source of classification or shelving scheme Dewey Decimal Classification
Koha item type Books
Holdings
Withdrawn status Lost status Source of classification or shelving scheme Damaged status Not for loan Collection code Home library Current library Shelving location Date acquired Source of acquisition Total Checkouts Full call number Barcode Date last seen Copy number Price effective from Koha item type
    Dewey Decimal Classification     Non-fiction Asiatic Society Library Asiatic Society Library General Stacks 10/30/2021 ASB Collection   954.92 KAB 113352 10/30/2021 C-1 10/30/2021 Books

Powered by Koha